[Event "EU-ch Seniors 65 18th"]
[Site "Drammen"]
[Date "2018.08.08"]
[Round "5"]
[White "Kuznetsova, Luba"]
[Black "Solli, Oddvar"]
[Result "1/2-1/2"]
[WhiteElo "1983"]
[BlackElo "1796"]
[PlyCount "38"]
[EventDate "2018.08.04"]
[EventType "swiss"]
[EventRounds "9"]
[EventCountry "NOR"]
[SourceTitle "CBM 186 Extra"]
[Source "ChessBase"]
[SourceDate "2018.08.24"]
[SourceVersion "1"]
[SourceVersionDate "2018.08.24"]
[SourceQuality "1"]

1. d4 d5 2. e3 Nf6 3. f4 g6 4. Nf3 Bg7 5. Bd3 0-0 6. Nbd2 Nbd7 7. 0-0 b6 8. c3 Bb7 9. Qe1 e6 10. h3 c5 11. Nh2 Ne4 12. Ndf3 Qc8 13. Ng4 Ba6 14. Qd1 Bxd3 15. Qxd3 Qb7 16. Kh2 b5 17. Bd2 a5 18. Be1 c4 19. Qc2 Rab8 1/2-1/2

[Event "Helsingor Xtracon op"]
[Site "Helsingor"]
[Date "2017.07.29"]
[Round "9"]
[White "Solli, Oddvar"]
[Black "Rasmussen, Lars Garne"]
[Result "1/2-1/2"]
[WhiteElo "1738"]
[BlackElo "1961"]
[PlyCount "61"]
[EventDate "2017.07.22"]
[EventType "swiss"]
[EventRounds "10"]
[EventCountry "DEN"]
[SourceTitle "CBM 179 Extra"]
[Source "ChessBase"]
[SourceDate "2017.08.23"]
[SourceVersion "1"]
[SourceVersionDate "2017.08.23"]
[SourceQuality "1"]

1. Nf3 d5 2. c4 d4 3. g3 Nc6 4. Bg2 e5 5. d3 Bb4+ 6. Nbd2 a5 7. 0-0 Nf6 8. a3 Be7 9. Qc2 0-0 10. e3 Bf5 11. exd4 Nxd4 12. Nxd4 Qxd4 13. Ne4 Rad8 14. Nxf6+ Bxf6 15. Be4 Bxe4 16. dxe4 Qd3 17. Qxd3 Rxd3 18. Be3 a4 19. Rac1 Be7 20. Rfd1 Rfd8 21. Rxd3 Rxd3 22. Kf1 Kf8 23. Ke2 Rb3 24. Rc2 Ke8 25. Kd1 Kd7 26. Rd2+ Kc6 27. Kc2 h6 28. Rd5 f6 29. h3 Bd6 30. g4 Kd7 31. Rd3 1/2-1/2

[Event "Helsingor Xtracon op"]
[Site "Helsingor"]
[Date "2017.07.26"]
[Round "6"]
[White "Aroven, Mikael"]
[Black "Solli, Oddvar"]
[Result "1/2-1/2"]
[WhiteElo "2114"]
[BlackElo "1738"]
[PlyCount "48"]
[EventDate "2017.07.22"]
[EventType "swiss"]
[EventRounds "10"]
[EventCountry "DEN"]
[SourceTitle "CBM 179 Extra"]
[Source "ChessBase"]
[SourceDate "2017.08.23"]
[SourceVersion "1"]
[SourceVersionDate "2017.08.23"]
[SourceQuality "1"]

1. c4 Nf6 2. e3 b6 3. Nc3 Bb7 4. Nf3 e6 5. Be2 Be7 6. 0-0 0-0 7. b3 c5 8. d4 d5 9. cxd5 Nxd5 10. Bb2 Nd7 11. Rc1 N7f6 12. Ne5 cxd4 13. Qxd4 Nxc3 14. Bxc3 Qxd4 15. Bxd4 Rac8 16. Bb5 Ba3 17. Rc4 Rxc4 18. Bxc4 Rc8 19. Rd1 Rd8 20. Be2 Be4 21. Nc4 Be7 22. f3 Bb7 23. e4 Rxd4 24. Rxd4 Bc5 1/2-1/2

[Event "Helsingor Xtracon op"]
[Site "Helsingor"]
[Date "2017.07.23"]
[Round "2"]
[White "Alisaari, Vellu"]
[Black "Solli, Oddvar"]
[Result "1/2-1/2"]
[WhiteElo "1286"]
[BlackElo "1738"]
[PlyCount "61"]
[EventDate "2017.07.22"]
[EventType "swiss"]
[EventRounds "10"]
[EventCountry "DEN"]
[SourceTitle "CBM 179 Extra"]
[Source "ChessBase"]
[SourceDate "2017.08.23"]
[SourceVersion "1"]
[SourceVersionDate "2017.08.23"]
[SourceQuality "1"]

1. b3 d5 2. Bb2 Nd7 3. e3 Ngf6 4. d4 e6 5. Nf3 c5 6. Bd3 Be7 7. 0-0 0-0 8. c4 dxc4 9. bxc4 cxd4 10. exd4 b6 11. Na3 Bb7 12. Nc2 Rc8 13. Ne3 Re8 14. Rc1 Be4 15. Bxe4 Nxe4 16. Qc2 Nef6 17. Rfd1 Qc7 18. a3 Qb7 19. Nd2 Nf8 20. Qd3 Ng6 21. g3 Red8 22. Qc2 h5 23. h4 Nd5 24. Nxd5 exd5 25. a4 dxc4 26. Nxc4 Rd5 27. Qd3 Qd7 28. Kh2 Qxa4 29. Nxb6 axb6 30. Rxc8+ Bd8 31. Rc4 1/2-1/2

[Event "Helsingor Xtracon op"]
[Site "Helsingor"]
[Date "2017.07.23"]
[Round "3"]
[White "Solli, Oddvar"]
[Black "Johansen, Paul Ivar"]
[Result "1-0"]
[WhiteElo "1738"]
[BlackElo "1301"]
[PlyCount "107"]
[EventDate "2017.07.22"]
[EventType "swiss"]
[EventRounds "10"]
[EventCountry "DEN"]
[SourceTitle "CBM 179 Extra"]
[Source "ChessBase"]
[SourceDate "2017.08.23"]
[SourceVersion "1"]
[SourceVersionDate "2017.08.23"]
[SourceQuality "1"]

1. e4 c6 2. d4 d5 3. Nd2 dxe4 4. Nxe4 Bf5 5. Ng3 Bg6 6. Nf3 Nd7 7. h4 h6 8. h5 Bh7 9. Bd3 Ngf6 10. Bxh7 Nxh7 11. Qe2 e6 12. Bf4 Bb4+ 13. c3 Ba5 14. 0-0-0 Bc7 15. Bxc7 Qxc7 16. Kb1 0-0 17. Ne4 Nhf6 18. Nxf6+ Nxf6 19. Rh4 Rfe8 20. g4 Qf4 21. g5 Qf5+ 22. Qd3 Qxd3+ 23. Rxd3 Nh7 24. gxh6 gxh6 25. Ne5 Re7 26. Rg3+ Kh8 27. Rf4 Rf8 28. Ng4 Rg8 29. Nxh6 Rxg3 30. fxg3 f5 31. g4 Nf6 32. gxf5 exf5 33. Nxf5 Re1+ 34. Kc2 Re2+ 35. Kb3 Rh2 36. Nd6 Nd5 37. Rf8+ Kh7 38. Rf7+ Kg8 39. Rxb7 Rxh5 40. Rxa7 Rh6 41. Nc4 Re6 42. a4 Re8 43. a5 Rb8+ 44. Kc2 Rf8 45. Ne5 Rc8 46. c4 Ne3+ 47. Kd2 Nf5 48. Kc3 c5 49. d5 Re8 50. Ng4 Kf8 51. Rc7 Re4 52. Nf6 Re3+ 53. Kd2 Rf3 54. Nd7+ 1-0

[Event "Hordaland-ch NGP"]
[Site "Bergen"]
[Date "2017.05.28"]
[Round "6"]
[White "Kringstad, Svein Erik"]
[Black "Solli, Oddvar"]
[Result "0-1"]
[WhiteElo "1067"]
[BlackElo "1565"]
[PlyCount "72"]
[EventDate "2017.05.25"]
[EventType "swiss"]
[EventRounds "6"]
[EventCountry "NOR"]
[SourceTitle "EXT 2024"]
[Source "ChessBase"]
[SourceDate "2023.10.10"]
[SourceVersion "1"]
[SourceVersionDate "2023.10.10"]
[SourceQuality "1"]

1. e4 c5 2. Nf3 e6 3. d4 cxd4 4. Nxd4 Nc6 5. Nc3 Qc7 6. Be3 a6 7. f4 Bb4 8. Qd2 Nf6 9. Bd3 b5 10. a3 Qa5 11. Nde2 Bb7 12. 0-0 Be7 13. h3 d6 14. Ng3 0-0 15. Qe2 Qc7 16. Nh5 g6 17. Ng3 Rac8 18. f5 Ne5 19. Bh6 Rfe8 20. fxg6 fxg6 21. Kh1 Nf7 22. Be3 Rf8 23. Rf2 Nd7 24. Bd4 Nfe5 25. Raf1 Rxf2 26. Rxf2 Qb8 27. b4 Bh4 28. Kh2 Rf8 29. Rxf8+ Qxf8 30. Be3 Qf6 31. Qf2 Nxd3 32. cxd3 Qxc3 33. Bd4 Qxd3 34. Bb2 Qxg3+ 35. Qxg3 Bxg3+ 36. Kxg3 Bxe4 0-1

[Event "Hordaland-ch NGP"]
[Site "Bergen"]
[Date "2017.05.27"]
[Round "3"]
[White "Solli, Oddvar"]
[Black "Stensholt, Sigvat K"]
[Result "1-0"]
[WhiteElo "1565"]
[BlackElo "1688"]
[PlyCount "129"]
[EventDate "2017.05.25"]
[EventType "swiss"]
[EventRounds "6"]
[EventCountry "NOR"]
[SourceTitle "EXT 2024"]
[Source "ChessBase"]
[SourceDate "2023.10.10"]
[SourceVersion "1"]
[SourceVersionDate "2023.10.10"]
[SourceQuality "1"]

1. Nf3 d5 2. c4 d4 3. g3 Nf6 4. Bg2 c5 5. 0-0 Nc6 6. d3 Nd7 7. e3 e5 8. exd4 cxd4 9. Re1 Bd6 10. Na3 0-0 11. Nc2 a5 12. Rb1 Nc5 13. Ng5 h6 14. Ne4 Nxe4 15. Bxe4 Be6 16. b3 Qd7 17. a3 Bg4 18. Qd2 f5 19. Bd5+ Kh7 20. Bg2 Qf7 21. b4 axb4 22. axb4 Ra2 23. Rb2 Rfa8 24. b5 Nd8 25. Bd5 Qh5 26. Rxa2 Rxa2 27. c5 Rxc2 28. Qxc2 Bb8 29. Bg2 f4 30. f3 Bxf3 31. Bxf3 Qxf3 32. Qe2 Qd5 33. Qe4+ Qxe4 34. Rxe4 fxg3 35. hxg3 Ne6 36. Ba3 Kg6 37. Re2 Kf5 38. Rf2+ Kg6 39. c6 bxc6 40. bxc6 Bc7 41. Kg2 Bb8 42. Be7 Bc7 43. Rf1 Bb8 44. Rb1 Bc7 45. Rb7 Kf5 46. Kf3 h5 47. Ra7 g5 48. Bb4 e4+ 49. dxe4+ Ke5 50. Ba5 Kd6 51. Bxc7+ Nxc7 52. Ra5 h4 53. Rxg5 hxg3 54. Rg6+ Ke5 55. Rg5+ Ke6 56. Rg6+ Ke5 57. Rxg3 Kd6 58. Rg6+ Ke5 59. Rh6 Ne6 60. Ke2 Nf4+ 61. Kd2 Ne6 62. Kd3 Nc7 63. Kc4 Kxe4 64. Rh4+ Ke5 65. Rxd4 1-0

[Event "Hordaland-ch NGP"]
[Site "Bergen"]
[Date "2017.05.25"]
[Round "1"]
[White "Solli, Oddvar"]
[Black "Lura, Njal"]
[Result "1-0"]
[WhiteElo "1565"]
[BlackElo "1500"]
[PlyCount "119"]
[EventDate "2017.05.25"]
[EventType "swiss"]
[EventRounds "6"]
[EventCountry "NOR"]
[SourceTitle "EXT 2024"]
[Source "ChessBase"]
[SourceDate "2023.10.10"]
[SourceVersion "1"]
[SourceVersionDate "2023.10.10"]
[SourceQuality "1"]

1. d4 Nf6 2. c4 c5 3. d5 b5 4. cxb5 a6 5. bxa6 g6 6. Nc3 Bg7 7. e4 0-0 8. Nf3 d6 9. a4 Qa5 10. Bd2 Bxa6 11. Bxa6 Nxa6 12. 0-0 Nb4 13. Qe2 Qa6 14. Nb5 Rfb8 15. Bc3 Ne8 16. Bxg7 Kxg7 17. Rfe1 Qc8 18. Qc4 Nc7 19. Nxc7 Qxc7 20. e5 Qb7 21. exd6 exd6 22. Red1 Qd7 23. b3 Qf5 24. Rac1 Na2 25. Ra1 Nb4 26. Rd2 Re8 27. Nd4 Qf6 28. Rad1 Re4 29. Qc3 Nxd5 30. Nf5+ gxf5 31. Qg3+ Rg4 32. Qf3 Nc7 33. Rxd6 Qe5 34. h3 Rg6 35. Rd7 Re8 36. Qb7 Ne6 37. Rxf7+ Kg8 38. Rxh7 Ng7 39. Rh4 f4 40. a5 Re7 41. Rd8+ Ne8 42. Qd5+ Qxd5 43. Rxd5 f3 44. g4 Re1+ 45. Kh2 Rc1 46. Rhh5 Nf6 47. Rxc5 Rf1 48. Rhe5 Nxg4+ 49. hxg4 Rxg4 50. Rg5+ Rxg5 51. Rxg5+ Kf7 52. Kg3 Rg1+ 53. Kf4 Rg2 54. Rf5+ Ke6 55. Re5+ Kd6 56. Kxf3 Rh2 57. Rb5 Kc6 58. Rb6+ Kc7 59. Ke3 Rh3+ 60. Ke4 1-0

[Event "NOR-ch Seniors-A"]
[Site "Oslo"]
[Date "2015.07.07"]
[Round "5"]
[White "Rognes, Sven Erik"]
[Black "Solli, Oddvar"]
[Result "1-0"]
[WhiteElo "1760"]
[BlackElo "1642"]
[PlyCount "33"]
[EventDate "2015.07.04"]
[EventType "swiss"]
[EventRounds "9"]
[EventCountry "NOR"]
[SourceTitle "EXT 2017"]
[Source "ChessBase"]
[SourceDate "2016.10.25"]
[SourceVersion "1"]
[SourceVersionDate "2016.10.25"]
[SourceQuality "1"]

1. Nc3 d5 2. e4 d4 3. Nce2 Nc6 4. Ng3 e5 5. Nf3 Bd6 6. Bc4 Nf6 7. a3 0-0 8. d3 Qe8 9. 0-0 Na5 10. Ba2 c5 11. Bd2 Nc6 12. Nh4 Ne7 13. Bg5 Nd7 14. Qh5 Ng6 15. Nxg6 hxg6 16. Qxg6 Be7 17. Nh5 1-0

[Event "NOR-ch Seniors-A"]
[Site "Oslo"]
[Date "2015.07.05"]
[Round "2"]
[White "Solli, Oddvar"]
[Black "Kirkebo, Bernt"]
[Result "0-1"]
[WhiteElo "1642"]
[BlackElo "1441"]
[PlyCount "128"]
[EventDate "2015.07.04"]
[EventType "swiss"]
[EventRounds "9"]
[EventCountry "NOR"]
[SourceTitle "EXT 2017"]
[Source "ChessBase"]
[SourceDate "2016.10.25"]
[SourceVersion "1"]
[SourceVersionDate "2016.10.25"]
[SourceQuality "1"]

1. d4 d5 2. c4 c6 3. Nc3 Nf6 4. e3 e6 5. Nf3 Bd6 6. Bd3 dxc4 7. Bxc4 0-0 8. e4 Be7 9. 0-0 Nbd7 10. a4 b6 11. Bf4 Bb7 12. Qe2 Nh5 13. Be3 Nhf6 14. Rfd1 Qc8 15. h3 Rd8 16. Bg5 Re8 17. Rac1 c5 18. Bd3 Qb8 19. Bb1 cxd4 20. Nxd4 h6 21. Be3 Nc5 22. Qc2 Ncxe4 23. Ncb5 Rc8 24. Qe2 a6 25. Rxc8+ Bxc8 26. Nc6 Qb7 27. Nxe7+ Qxe7 28. Nd4 Bb7 29. Rc1 Nc5 30. Qc4 Rc8 31. Qb4 Qd6 32. f3 Nd5 33. Qd2 Nxe3 34. Qxe3 Rd8 35. Ne2 Qd2 36. Kf2 Qxb2 37. a5 Rd2 38. Re1 Rd6 39. axb6 Qxb6 40. Rc1 Nb3 41. Qxb6 Rxb6 42. Rd1 Bd5 43. Nc3 Nc5 44. Nxd5 Rb2+ 45. Kg3 exd5 46. Bf5 g6 47. Rxd5 Nb7 48. Be4 a5 49. Rd7 Nc5 50. Rd8+ Kg7 51. Rd4 a4 52. Bd5 a3 53. Rd1 Nb3 54. Bxb3 Rxb3 55. Ra1 Kf6 56. Kf4 Rb4+ 57. Ke3 Ra4 58. Ra2 Kf5 59. g3 g5 60. Kd3 h5 61. Ke3 h4 62. gxh4 gxh4 63. Ke2 Kf4 64. Kf2 f5 0-1

[Event "Straume Hordalandsmesterskap GP A"]
[Site "Straume"]
[Date "2014.04.05"]
[Round "2"]
[White "Mansoor, Afras"]
[Black "Solli, Oddvar"]
[Result "0-1"]
[WhiteElo "1022"]
[BlackElo "1629"]
[PlyCount "106"]
[EventDate "2014.04.04"]
[EventType "swiss"]
[EventRounds "5"]
[EventCountry "NOR"]
[SourceTitle "EXT 2024"]
[Source "ChessBase"]
[SourceDate "2023.10.10"]
[SourceVersion "1"]
[SourceVersionDate "2023.10.10"]
[SourceQuality "1"]

1. e4 c5 2. Nf3 d6 3. d4 cxd4 4. Nxd4 Nf6 5. Nc3 g6 6. Be3 Bg7 7. Be2 Nc6 8. Qd2 Nxd4 9. Bxd4 0-0 10. 0-0 Be6 11. Be3 Ng4 12. Bf4 Rc8 13. h3 Ne5 14. Bh6 Nc4 15. Bxc4 Rxc4 16. Bxg7 Kxg7 17. Rad1 Qc8 18. Rfe1 Qc5 19. Qe3 Rc8 20. e5 dxe5 21. Qxe5+ Qxe5 22. Rxe5 Rb4 23. Rb5 Rxb5 24. Nxb5 Rxc2 25. Nd4 Rxb2 26. Nxe6+ fxe6 27. Rd7 Kf6 28. g4 e5 29. g5+ Ke6 30. Rc7 e4 31. Kg2 e3 32. Kf1 Kd6 33. Rc8 Rxf2+ 34. Ke1 Rxa2 35. Rh8 b5 36. Rxh7 b4 37. Rh4 a5 38. Re4 Rg2 39. h4 Rh2 40. Rxe3 Rxh4 41. Re2 b3 42. Kd1 Rh1+ 43. Re1 Rxe1+ 44. Kxe1 b2 45. Ke2 b1Q 46. Kd2 a4 47. Ke3 a3 48. Kd4 Qb2+ 49. Kd3 a2 50. Ke4 Qe5+ 51. Kd3 a1Q 52. Kd2 Qac3+ 53. Kd1 Qee1# 0-1

[Event "Straume Hordalandsmesterskap GP A"]
[Site "Straume"]
[Date "2014.04.05"]
[Round "3"]
[White "Solli, Oddvar"]
[Black "Martinsen, Stig K"]
[Result "0-1"]
[WhiteElo "1629"]
[BlackElo "2046"]
[PlyCount "48"]
[EventDate "2014.04.04"]
[EventType "swiss"]
[EventRounds "5"]
[EventCountry "NOR"]
[SourceTitle "EXT 2024"]
[Source "ChessBase"]
[SourceDate "2023.10.10"]
[SourceVersion "1"]
[SourceVersionDate "2023.10.10"]
[SourceQuality "1"]

1. Nf3 d6 2. d4 g6 3. e4 Nf6 4. Nc3 Bg7 5. Be2 0-0 6. 0-0 c6 7. h3 Qa5 8. Be3 Nbd7 9. a4 Qc7 10. Qd2 b6 11. Rad1 a6 12. Rfe1 b5 13. Bd3 e5 14. b4 a5 15. axb5 axb4 16. Ne2 exd4 17. Nexd4 c5 18. Nc6 Bb7 19. e5 dxe5 20. Ne7+ Kh8 21. Bc4 Bxf3 22. gxf3 Nb6 23. Nd5 Nfxd5 24. Bxd5 Rad8 0-1

[Event "London Classic op 5th"]
[Site "London"]
[Date "2013.12.15"]
[Round "9"]
[White "Miu, Marinel"]
[Black "Solli, Oddvar"]
[Result "1-0"]
[WhiteElo "1683"]
[BlackElo "1849"]
[PlyCount "83"]
[EventDate "2013.12.07"]
[EventType "swiss"]
[EventRounds "9"]
[EventCountry "ENG"]
[SourceTitle "CBM 157 Extra"]
[Source "ChessBase"]
[SourceDate "2013.12.19"]
[SourceVersion "1"]
[SourceVersionDate "2013.12.19"]
[SourceQuality "1"]

1. c4 c5 2. Nc3 Nc6 3. g3 g6 4. Bg2 Bg7 5. Rb1 e6 6. a3 Nge7 7. b4 d6 8. b5 Ne5 9. Qb3 Rb8 10. a4 0-0 11. f4 Nd7 12. e4 b6 13. Nf3 Bb7 14. d3 Nf6 15. 0-0 d5 16. e5 dxc4 17. dxc4 Ne4 18. Rd1 Qc7 19. Qc2 Nxc3 20. Qxc3 Be4 21. Rb2 Rbd8 22. Rbd2 Nf5 23. Ba3 Rfe8 24. g4 Nh6 25. h3 Bf8 26. Bb2 Kg7 27. Ng5 Bxg2 28. Kxg2 Qb7+ 29. Qf3 Qxf3+ 30. Kxf3 Be7 31. Ne4 Ng8 32. Bc3 Kf8 33. a5 Rxd2 34. Rxd2 Ra8 35. Rd7 Ke8 36. Rb7 Rd8 37. Rxa7 bxa5 38. Bxa5 Rd3+ 39. Kg2 Rd4 40. Nf2 Rxc4 41. Ra8+ Kd7 42. b6 1-0

[Event "London Classic op 5th"]
[Site "London"]
[Date "2013.12.12"]
[Round "6"]
[White "Torgersen, Markus"]
[Black "Solli, Oddvar"]
[Result "1-0"]
[WhiteElo "1732"]
[BlackElo "1849"]
[PlyCount "95"]
[EventDate "2013.12.07"]
[EventType "swiss"]
[EventRounds "9"]
[EventCountry "ENG"]
[SourceTitle "CBM 157 Extra"]
[Source "ChessBase"]
[SourceDate "2013.12.19"]
[SourceVersion "1"]
[SourceVersionDate "2013.12.19"]
[SourceQuality "1"]

1. e4 c6 2. d4 d5 3. exd5 cxd5 4. Bd3 Nc6 5. c3 Nf6 6. Bf4 Bg4 7. Qb3 Na5 8. Qa4+ Bd7 9. Qc2 Bg4 10. Nd2 e6 11. Ngf3 Be7 12. 0-0 Nc6 13. Rfe1 Rc8 14. Qb3 b6 15. Ba6 0-0 16. Bxc8 Qxc8 17. Ne5 Bf5 18. Nxc6 Qxc6 19. Nf3 Ne4 20. Ne5 Qb7 21. f3 Nd6 22. g4 Bg6 23. Nxg6 hxg6 24. a4 Qc6 25. a5 b5 26. Bxd6 Bxd6 27. a6 Rb8 28. Ra2 Bc7 29. Qc2 Rb6 30. Rea1 Bf4 31. Kg2 Bc7 32. b3 Qd6 33. Kh1 Rc6 34. Qd2 Rb6 35. Qe3 Rc6 36. Qd2 Bb6 37. Qe3 Qc7 38. Rc2 Qc8 39. Qd3 Kh7 40. h4 Kg8 41. Raa2 Bd8 42. Qxb5 Bxh4 43. Qb7 Qc7 44. Qxc7 Rxc7 45. Ra4 Bf6 46. Rb4 Rc6 47. Rb8+ Kh7 48. Rh2+ 1-0

[Event "London Classic op 5th"]
[Site "London"]
[Date "2013.12.10"]
[Round "4"]
[White "Puccini, Jack"]
[Black "Solli, Oddvar"]
[Result "1/2-1/2"]
[WhiteElo "2073"]
[BlackElo "1849"]
[PlyCount "143"]
[EventDate "2013.12.07"]
[EventType "swiss"]
[EventRounds "9"]
[EventCountry "ENG"]
[SourceTitle "CBM 157 Extra"]
[Source "ChessBase"]
[SourceDate "2013.12.19"]
[SourceVersion "1"]
[SourceVersionDate "2013.12.19"]
[SourceQuality "1"]

1. e4 c6 2. d4 d5 3. f3 e6 4. Nc3 Nf6 5. e5 Nfd7 6. f4 c5 7. Nf3 Nc6 8. Be3 a6 9. Qd2 b5 10. Be2 Bb7 11. 0-0 Be7 12. Nd1 cxd4 13. Nxd4 Qc7 14. Nf2 0-0 15. Nxc6 Qxc6 16. Bd4 Rac8 17. c3 Nc5 18. Rac1 Rfd8 19. Qe3 Qd7 20. Bg4 Bf8 21. Nd3 Ne4 22. f5 Qe8 23. fxe6 fxe6 24. Rf3 Rc6 25. Rcf1 Be7 26. Qf4 Bc8 27. Qf7+ Qxf7 28. Rxf7 Re8 29. Be3 Rc4 30. Be2 Rc7 31. g3 Rf8 32. Rxf8+ Bxf8 33. Bg4 Bc5 34. Bxc5 Nxc5 35. Nxc5 Rxc5 36. Rf4 Rc6 37. Kf2 Bd7 38. h4 Be8 39. h5 Bf7 40. Ke3 Kf8 41. a4 Ke7 42. axb5 axb5 43. Be2 Rb6 44. Rh4 Be8 45. Bd3 h6 46. Rg4 Kf8 47. Rf4+ Ke7 48. Bg6 Ra6 49. Bxe8 Kxe8 50. Rb4 Ra1 51. Ke2 Rh1 52. g4 Rg1 53. Kf2 Rd1 54. Rxb5 Rd2+ 55. Ke3 Rd1 56. Ke2 Rg1 57. Rb4 Rg2+ 58. Kf3 Rc2 59. Ke3 Rc1 60. Kd4 Re1 61. Kc5 Rxe5 62. Kd6 Re4 63. Rb7 Kf8 64. Re7 d4 65. cxd4 Rxd4+ 66. Ke5 Rxg4 67. Rxe6 Rb4 68. Ra6 Rxb2 69. Ra8+ Kf7 70. Ra7+ Kg8 71. Ra8+ Kh7 72. Kf4 1/2-1/2

[Event "NOR-ch Seniors-A"]
[Site "Lillehammer"]
[Date "2013.06.29"]
[Round "8"]
[White "Solli, Oddvar"]
[Black "Ovesen, Karsten"]
[Result "1-0"]
[WhiteElo "1630"]
[BlackElo "1672"]
[PlyCount "69"]
[EventDate "2013.06.29"]
[EventType "swiss"]
[EventRounds "9"]
[EventCountry "NOR"]
[SourceTitle "EXT 2017"]
[Source "ChessBase"]
[SourceDate "2016.10.25"]
[SourceVersion "1"]
[SourceVersionDate "2016.10.25"]
[SourceQuality "1"]

1. e4 c6 2. d4 d5 3. Nc3 dxe4 4. Nxe4 Nf6 5. Nxf6+ gxf6 6. g3 Bf5 7. Bg2 e6 8. Nf3 Bd6 9. Bh6 Nd7 10. 0-0 Qc7 11. c4 0-0-0 12. Qa4 Kb8 13. c5 Bf8 14. Bxf8 Rhxf8 15. b4 Be4 16. Qb3 f5 17. a4 a6 18. b5 Qa5 19. bxa6 Qxa6 20. Qb4 Nf6 21. Rfd1 Nd5 22. Qb2 Qa5 23. Ne5 Ne7 24. Nc4 Qc7 25. a5 Bd5 26. Nd6 Nc8 27. Nxc8 Kxc8 28. Bxd5 cxd5 29. a6 Kb8 30. Rdb1 Rd7 31. Qa3 Qc8 32. axb7 Rxb7 33. c6 Rxb1+ 34. Rxb1+ Kc7 35. Qe7+ 1-0

[Event "Fagernes Norsk op"]
[Site "Fagernes"]
[Date "2013.03.24"]
[Round "3"]
[White "Solli, Oddvar"]
[Black "Salomon, Johan"]
[Result "0-1"]
[WhiteElo "1864"]
[BlackElo "2115"]
[PlyCount "74"]
[EventDate "2013.03.24"]
[EventType "swiss"]
[EventRounds "9"]
[EventCountry "NOR"]
[SourceTitle "CBM 153 Extra"]
[Source "ChessBase"]
[SourceDate "2013.04.22"]
[SourceVersion "1"]
[SourceVersionDate "2013.04.22"]
[SourceQuality "1"]

1. Nf3 d5 2. c4 d4 3. g3 g6 4. Bg2 Bg7 5. 0-0 e5 6. d3 Ne7 7. Nbd2 0-0 8. b4 Nd7 9. Bb2 Re8 10. Qc2 Nf5 11. c5 Nf6 12. Nb3 Bd7 13. Na5 Rb8 14. a3 c6 15. Nc4 Qc7 16. e4 Nh6 17. Qa4 b6 18. cxb6 axb6 19. Qc2 Re7 20. Bc1 Rc8 21. Bg5 Kh8 22. Rfb1 Nhg8 23. a4 b5 24. Nb2 Qd6 25. a5 Qxb4 26. Bd2 Qd6 27. Nd1 Ree8 28. Ng5 Rf8 29. Qb3 Qe7 30. f4 h6 31. Nf3 exf4 32. Bxf4 Nh5 33. Bc1 c5 34. Ba3 b4 35. Bc1 Be6 36. Qa4 f5 37. Nd2 f4 0-1

[Event "Politiken Cup 34th"]
[Site "Helsingor"]
[Date "2012.08.01"]
[Round "6"]
[White "Borg, Flemming"]
[Black "Solli, Oddvar"]
[Result "1-0"]
[WhiteElo "1750"]
[BlackElo "1894"]
[PlyCount "121"]
[EventDate "2012.07.28"]
[EventType "swiss"]
[EventRounds "10"]
[EventCountry "DEN"]
[SourceTitle "CBM 149 Extra"]
[Source "ChessBase"]
[SourceDate "2012.08.24"]
[SourceVersion "1"]
[SourceVersionDate "2012.08.24"]
[SourceQuality "1"]

1. e4 e6 2. e5 d5 3. exd6 Bxd6 4. d4 Nf6 5. Nf3 0-0 6. Bd3 Nbd7 7. Bg5 c5 8. c3 b6 9. Nbd2 Bb7 10. Be4 Qc7 11. Bxb7 Qxb7 12. 0-0 Rac8 13. Qe2 Rfe8 14. Nc4 Bb8 15. dxc5 Rxc5 16. Ne3 Qe4 17. Qc2 Qxc2 18. Nxc2 Nd5 19. Ne3 Nf4 20. Rfd1 Nf6 21. Bxf6 gxf6 22. g3 Nh3+ 23. Kf1 Ng5 24. Ke2 Ne4 25. Rd7 Rb5 26. Nd1 f5 27. b4 Nf6 28. Rb7 Ne4 29. Nd4 Rd5 30. Nc6 Bd6 31. f3 Rxd1 32. Kxd1 Nxc3+ 33. Kc2 Nd5 34. b5 Rc8 35. Kd2 a5 36. Rd7 Bc5 37. Rd8+ Rxd8 38. Nxd8 Kg7 39. Nb7 Be7 40. Rc1 h5 41. Rc6 h4 42. gxh4 Bxh4 43. Nd6 Bf2 44. Nc4 Kf6 45. a4 Kg5 46. Ne5 Kf6 47. Nd3 Bd4 48. Rc4 Be3+ 49. Ke2 Bh6 50. f4 Ke7 51. Kf3 Bg7 52. h4 Bf6 53. h5 Bg7 54. Ne5 Bh6 55. Rd4 Bg7 56. Rd3 Bh6 57. Rd4 Bg7 58. Rc4 Bh6 59. Rc6 Bxf4 60. Nc4 Bc7 61. Ne3 1-0

[Event "Politiken Cup 34th"]
[Site "Helsingor"]
[Date "2012.07.31"]
[Round "5"]
[White "Solli, Oddvar"]
[Black "Satre, Mathias"]
[Result "1/2-1/2"]
[WhiteElo "1894"]
[BlackElo "1722"]
[PlyCount "80"]
[EventDate "2012.07.28"]
[EventType "swiss"]
[EventRounds "10"]
[EventCountry "DEN"]
[SourceTitle "CBM 149 Extra"]
[Source "ChessBase"]
[SourceDate "2012.08.24"]
[SourceVersion "1"]
[SourceVersionDate "2012.08.24"]
[SourceQuality "1"]

1. e4 d6 2. d4 g6 3. Nc3 Bg7 4. f4 Nf6 5. Nf3 0-0 6. Bd3 c5 7. dxc5 dxc5 8. e5 Nd5 9. Nxd5 Qxd5 10. Qe2 Nc6 11. c3 b6 12. Be4 Qd7 13. Be3 Bb7 14. Rd1 Qc7 15. 0-0 Rad8 16. Bf2 Rxd1 17. Rxd1 Rd8 18. Bd5 e6 19. Be4 Rxd1+ 20. Qxd1 Qd8 21. Qxd8+ Nxd8 22. Bxb7 Nxb7 23. Nd2 f6 24. exf6 Bxf6 25. Ne4 Bg7 26. b3 e5 27. Bg3 exf4 28. Bxf4 Nd8 29. Kf2 Kf7 30. c4 Ke6 31. Bc7 Nc6 32. Ke3 h6 33. Bg3 Be5 34. Bxe5 Kxe5 35. Nc3 Nb4 36. Kd2 Nc6 37. Ke3 Nd4 38. Kd3 Nc6 39. Nd5 Nd4 40. Ne7 g5 1/2-1/2

[Event "Hordaland-ch NGP A"]
[Site "Bergen"]
[Date "2011.06.03"]
[Round "1"]
[White "Ghaderi, Arman K"]
[Black "Solli, Oddvar"]
[Result "0-1"]
[WhiteElo "1291"]
[BlackElo "1665"]
[PlyCount "78"]
[EventDate "2011.06.03"]
[EventType "swiss"]
[EventRounds "5"]
[EventCountry "NOR"]
[SourceTitle "EXT 2024"]
[Source "ChessBase"]
[SourceDate "2023.10.10"]
[SourceVersion "1"]
[SourceVersionDate "2023.10.10"]
[SourceQuality "1"]

1. e4 c6 2. d4 d5 3. Nd2 dxe4 4. Nxe4 Bf5 5. Ng3 Bg6 6. Nf3 Nd7 7. h4 h6 8. h5 Bh7 9. Bd3 Bxd3 10. Qxd3 e6 11. Bd2 Ngf6 12. 0-0-0 Qc7 13. Kb1 0-0-0 14. c4 c5 15. Qc2 Bd6 16. Ne2 Kb8 17. g3 Rc8 18. d5 exd5 19. cxd5 Nxd5 20. Ba5 Qc6 21. Qd3 N7f6 22. Nc3 Nxc3+ 23. Bxc3 Bc7 24. Bxf6 Qxf6 25. Rc1 Rhd8 26. Qe3 Re8 27. Qc3 Qxc3 28. Rxc3 Re2 29. Rxc5 Rxf2 30. Ne5 b6 31. Nc6+ Kb7 32. Rc3 Re8 33. Rhc1 Bd6 34. Rd3 Ree2 35. Rb3 Bxg3 36. Nd4 Rd2 37. Rg1 Be5 38. Nf3 Rxb2+ 39. Rxb2 Bxb2 0-1